Institution of Surveyors (Record no. 99743)

MARC details
000 -LEADER
fixed length control field 00634cam a22001815a 4500
001 - CONTROL NUMBER
control field ##J100659
008 - FIXED-LENGTH DATA ELEMENTS--GENERAL INFORMATION
fixed length control field 000000s1868 000 0 eng u
035 ## - SYSTEM CONTROL NUMBER
System control number (Sirsi) u100659
041 0# - LANGUAGE CODE
Language code of text/sound track or separate title eng
050 04 - LIBRARY OF CONGRESS CALL NUMBER
Classification number 333.0062 $2 18
110 2# - MAIN ENTRY--CORPORATE NAME
Corporate name or jurisdiction name as entry element Surveyors' Institution
9 (RLIN) 3783
245 00 - TITLE STATEMENT
Title Institution of Surveyors
Remainder of title minutes of a meeting held at the Westminster Palace Hotel on Monday March 23rd 1868
260 ## - PUBLICATION, DISTRIBUTION, ETC.
Place of publication, distribution, etc. [S.l.]
Name of publisher, distributor, etc. [s.n.]
Date of publication, distribution, etc. 1868
300 ## - PHYSICAL DESCRIPTION
Extent 14p.
Dimensions 32cm.
520 ## - SUMMARY, ETC.
Summary, etc. A report committee's handwritten minutes in a ruled exercise book.
690 ## - LOCAL SUBJECT ADDED ENTRY--TOPICAL TERM (OCLC, RLIN)
Topical term or geographic name as entry element ABOUT RICS-RICS STRUCTURE AND GOVERNANCE-RICS BOARDS AND COMMITTEES
942 ## - ADDED ENTRY ELEMENTS (KOHA)
Suppress in OPAC 0
Holdings
Withdrawn status Lost status Source of classification or shelving scheme Damaged status Not for loan Home library Current library Shelving location Date acquired Total Checkouts Full call number Barcode Date last seen Copy number Price effective from Koha item type
    Dewey Decimal Classification     Historic collection Historic collection RICS Boxes 21/10/1999   RICS 1868/2 30059584 06/08/2019 1 06/08/2019 Archive
    Dewey Decimal Classification     Historic collection Historic collection RICS Boxes 21/10/1999   RICS 1868/2 30059285 06/08/2019 2 06/08/2019 Archive